[Event "Bogota McGregor op 1st"]
[Site "Bogota"]
[Date "2010.12.07"]
[Round "8"]
[White "Rodriguez Vila, Andres"]
[Black "Mosquera, Miguel"]
[Result "1/2-1/2"]
[WhiteElo "2556"]
[BlackElo "2386"]
[PlyCount "101"]
[EventDate "2010.12.03"]
[EventType "swiss"]
[EventRounds "10"]
[EventCountry "COL"]
[SourceTitle "CBM 139 Extra"]
[Source "ChessBase"]
[SourceDate "2011.01.05"]
[SourceVersion "1"]
[SourceVersionDate "2011.01.05"]
[SourceQuality "1"]

1. e4 e5 2. Nf3 Nf6 3. Nc3 Nc6 4. g3 Bc5 5. Bg2 d6 6. d3 a6 7. O-O O-O 8. Be3
Bxe3 9. fxe3 Ne7 10. d4 Ng6 11. Qd3 Qe7 12. Nd2 Bd7 13. a4 a5 14. Nc4 Rfe8 15.
Rf2 Bc6 16. Raf1 Rf8 17. b3 b6 18. d5 Bb7 19. Nb5 Nd7 20. c3 Nc5 21. Qc2 Qd7
22. h3 Ne7 23. Kh2 Rad8 24. h4 f5 25. Bh3 Bc8 26. Bxf5 Nxf5 27. exf5 e4 28. Nd4
Bb7 29. Ne6 Bxd5 30. Nxd8 Qxd8 31. Nd2 Qf6 32. c4 Bc6 33. Qd1 Nd3 34. Rg2 Qh6
35. Qg4 Ne5 36. Qf4 Qh5 37. Kh3 Rxf5 38. g4 Rxf4 39. gxh5 Bd7+ 40. Kg3 Rg4+ 41.
Kf2 Nd3+ 42. Kg1 Rxh4 43. Rh2 Rg4+ 44. Rg2 Nc5 45. h6 gxh6 46. Rxg4+ Bxg4 47.
Kg2 Kg7 48. Kg3 Be2 49. Rg1 Kf6 50. Kf4 Bd3 51. Rg8 1/2-1/2

[Event "Mar del Plata op 42nd"]
[Site "Mar del Plata"]
[Date "2011.04.17"]
[Round "3"]
[White "Pichot, Alan"]
[Black "Rodriguez Vila, Andres"]
[Result "0-1"]
[WhiteElo "2228"]
[BlackElo "2527"]
[PlyCount "90"]
[EventDate "2011.04.16"]
[EventType "swiss"]
[EventRounds "9"]
[EventCountry "ARG"]
[SourceTitle "EXT 2012"]
[Source "ChessBase"]
[SourceDate "2011.11.24"]
[SourceVersion "1"]
[SourceVersionDate "2011.11.24"]
[SourceQuality "1"]

1. e4 e6 2. d4 d5 3. Nc3 Bb4 4. e5 c5 5. Bd2 cxd4 6. Nb5 Bc5 7. Qg4 g6 8. Nf3
Nc6 9. Qf4 Qb6 10. b4 Bf8 11. Nfxd4 Bd7 12. a4 Nxb4 13. a5 Qd8 14. Nxe6 Nxc2+
15. Kd1 Bxe6 16. Kxc2 Rc8+ 17. Kd1 a6 18. Nd6+ Bxd6 19. exd6 Nf6 20. Qd4 O-O
21. Bg5 Kg7 22. Qh4 Bf5 23. Bh6+ Kg8 24. Bxf8 Bc2+ 25. Ke1 Kxf8 26. Qb4 Kg7 27.
Ra3 Bf5 28. f3 Qe8+ 29. Kd1 Qe5 30. g4 Bc2+ 31. Kd2 d4 32. Bc4 Be4 33. fxe4
Nxe4+ 34. Kd1 Nf2+ 35. Kc2 Nxh1 36. d7 Qxh2+ 37. Kb1 Qg1+ 38. Ka2 Qf2+ 39. Kb1
Rd8 40. Qe7 Qf6 41. Qe8 Nf2 42. Rb3 Nxg4 43. Ka2 Ne5 44. Rb6 Qg5 45. Rxb7 Nxc4
0-1

[Event "Mar del Plata op 42nd"]
[Site "Mar del Plata"]
[Date "2011.04.18"]
[Round "4"]
[White "Rodriguez Vila, Andres"]
[Black "Mussanti, Diego"]
[Result "1-0"]
[WhiteElo "2527"]
[BlackElo "2306"]
[PlyCount "61"]
[EventDate "2011.04.16"]
[EventType "swiss"]
[EventRounds "9"]
[EventCountry "ARG"]
[SourceTitle "EXT 2012"]
[Source "ChessBase"]
[SourceDate "2011.11.24"]
[SourceVersion "1"]
[SourceVersionDate "2011.11.24"]
[SourceQuality "1"]

1. e4 c5 2. Nf3 d6 3. d4 cxd4 4. Nxd4 Nc6 5. Nc3 e6 6. Be3 Nf6 7. f3 Be7 8. Qd2
O-O 9. g4 a6 10. O-O-O Nxd4 11. Qxd4 b5 12. h4 Nd7 13. g5 Bb7 14. Kb1 Ne5 15.
f4 Ng4 16. Bc1 b4 17. Qxb4 Nf2 18. Qxb7 Nxh1 19. Bg2 Nf2 20. Rf1 Rb8 21. Qa7
Ng4 22. Bh3 h5 23. gxh6 Nxh6 24. f5 Bf6 25. fxe6 fxe6 26. Bxe6+ Kh8 27. Bb3
Bxc3 28. Rxf8+ Qxf8 29. bxc3 Rd8 30. Qd4 Ng4 31. Ba3 1-0

[Event "Buenos Aires Bolivar op 4th"]
[Site "Buenos Aires"]
[Date "2011.06.13"]
[Round "1"]
[White "Rodriguez Vila, Andres"]
[Black "Dominguez, Diego Leonardo"]
[Result "1-0"]
[WhiteElo "2527"]
[BlackElo "2019"]
[PlyCount "67"]
[EventDate "2011.06.13"]
[EventType "swiss"]
[EventRounds "9"]
[EventCountry "ARG"]
[SourceTitle "EXT 2014"]
[Source "ChessBase"]
[SourceDate "2013.11.20"]
[SourceVersion "1"]
[SourceVersionDate "2013.11.20"]
[SourceQuality "1"]

1. e4 e6 2. d4 d5 3. e5 c5 4. c3 Nc6 5. Nf3 Qb6 6. Bd3 cxd4 7. cxd4 Nh6 8. Nc3
Bb4 9. O-O Nf5 10. Bxf5 Bxc3 11. Bxe6 Bxe6 12. bxc3 Na5 13. Ba3 Nc4 14. Bc5 Qc6
15. Nd2 Nxe5 16. f4 Nd7 17. Ba3 g6 18. Nb3 Rc8 19. Re1 Qa6 20. Bb4 h5 21. f5
gxf5 22. Qf3 Kd8 23. Qg3 Rc6 24. Na5 Kc8 25. Nxc6 Qxc6 26. a4 Nb6 27. a5 Nc4
28. Qg7 Qe8 29. a6 Qg8 30. axb7+ Kxb7 31. Qf6 Qd8 32. Rxe6 fxe6 33. Qf7+ Kc8
34. Rxa7 1-0

[Event "Buenos Aires Bolivar op 4th"]
[Site "Buenos Aires"]
[Date "2011.06.14"]
[Round "2"]
[White "Pineiro, Dario"]
[Black "Rodriguez Vila, Andres"]
[Result "1/2-1/2"]
[WhiteElo "2180"]
[BlackElo "2527"]
[PlyCount "186"]
[EventDate "2011.06.13"]
[EventType "swiss"]
[EventRounds "9"]
[EventCountry "ARG"]
[SourceTitle "EXT 2014"]
[Source "ChessBase"]
[SourceDate "2013.11.20"]
[SourceVersion "1"]
[SourceVersionDate "2013.11.20"]
[SourceQuality "1"]

1. e4 e6 2. d4 d5 3. exd5 exd5 4. Bf4 Ne7 5. Bd3 Bf5 6. Ne2 Qd7 7. c3 Nbc6 8.
Qc2 Bxd3 9. Qxd3 O-O-O 10. Nd2 f6 11. h4 Nf5 12. O-O-O h5 13. Ng3 Nd6 14. Kb1
Na5 15. Qf3 Ndc4 16. Nxc4 Nxc4 17. Bc1 Qf7 18. Ne2 Nd6 19. Qh3+ Rd7 20. Ka1 Ne4
21. Rhf1 g6 22. f3 Nd6 23. Nf4 Nf5 24. Rfe1 Bd6 25. Re2 b6 26. Rde1 Kb8 27. Re6
Rdd8 28. Nxd5 Bg3 29. Ne7 Rde8 30. R1e2 Bxh4 31. Nxf5 Rxe6 32. Rxe6 Qxe6 33.
Nxh4 Qe1 34. Kb1 g5 35. Ng6 g4 36. Qh4 Qxh4 37. Nxh4 gxf3 38. Nxf3 Re8 39. Bf4
Re2 40. g3 Kc8 41. Kc1 Kd7 42. Nd2 c6 43. Kc2 Ke6 44. Kd3 Re1 45. Bb8 a6 46.
Bc7 b5 47. Ne4 Kf5 48. Nc5 a5 49. Bxa5 Re7 50. Bd8 Rg7 51. Ne4 Rg4 52. Nxf6
Rxg3+ 53. Ke2 h4 54. Nh5 Rg2+ 55. Kf3 h3 56. Nf4 Rg8 57. Nxh3 Rxd8 58. Nf2 Rh8
59. Ke3 Rh2 60. Nd3 Ke6 61. a3 Kd6 62. Ke4 Re2+ 63. Kf3 Re8 64. Nb4 Re7 65. Kf2
Re8 66. Kf3 Re1 67. Nd3 Rh1 68. Ke3 Rh2 69. Ke4 Rh3 70. Nf4 Rh4 71. Ke3 Rh2 72.
Nd3 Kd5 73. b3 Ke6 74. Nf2 Rh8 75. Ne4 Kd5 76. Nc5 Rh3+ 77. Kd2 Rg3 78. Kc2 Rg1
79. Kd3 Ra1 80. a4 b4 81. c4+ Kd6 82. Kc2 Ra2+ 83. Kc1 Rg2 84. Nd3 Rg4 85. Nxb4
Rxd4 86. Kc2 Rh4 87. Nd3 c5 88. Kc3 Rh3 89. Kc2 Kc6 90. Ne5+ Kc7 91. Nd3 Kb6
92. Kc3 Rh2 93. Ne5 Rh3+ 1/2-1/2

[Event "Buenos Aires Bolivar op 4th"]
[Site "Buenos Aires"]
[Date "2011.06.15"]
[Round "3"]
[White "Rodriguez Vila, Andres"]
[Black "Avila, Lucas"]
[Result "1/2-1/2"]
[WhiteElo "2527"]
[BlackElo "2095"]
[PlyCount "119"]
[EventDate "2011.06.13"]
[EventType "swiss"]
[EventRounds "9"]
[EventCountry "ARG"]
[SourceTitle "EXT 2014"]
[Source "ChessBase"]
[SourceDate "2013.11.20"]
[SourceVersion "1"]
[SourceVersionDate "2013.11.20"]
[SourceQuality "1"]

1. e4 e5 2. Nf3 Nc6 3. Bc4 Bc5 4. c3 Nf6 5. d3 a6 6. Nbd2 O-O 7. O-O d5 8. exd5
Nxd5 9. Re1 b5 10. Ne4 Be7 11. Bb3 Kh8 12. Ng3 f6 13. Nh4 Na5 14. Bc2 g6 15. d4
f5 16. Nf3 e4 17. Ne5 Bf6 18. Bh6 Bxe5 19. dxe5 Re8 20. f3 e3 21. f4 Be6 22.
Nf1 Qh4 23. Bg5 Qf2+ 24. Kh1 Nxf4 25. Nxe3 Nc4 26. Rf1 Nxe3 27. Rxf2 Nxd1 28.
Rxd1 Nd5 29. h4 Kg7 30. c4 Nb6 31. cxb5 axb5 32. Bb3 Bxb3 33. Bf6+ Kf7 34. axb3
c6 35. g4 Nd5 36. gxf5 gxf5 37. Rc1 Nxf6 38. Rxf5 Re6 39. Rcf1 Rae8 40. Rxf6+
Rxf6 41. Rxf6+ Kg7 42. Rf5 Rd8 43. Kg2 Rd3 44. Rf3 Rd5 45. Re3 Kf7 46. Kf3 Rd4
47. h5 Ke6 48. h6 Rh4 49. Rc3 Kd5 50. e6 Kxe6 51. Kg3 Rb4 52. Rxc6+ Kf5 53. Rb6
Kg5 54. Kf3 Rxb3+ 55. Ke4 Rxb2 56. Kd4 b4 57. Kc4 Rb1 58. Rxb4 Rxb4+ 59. Kxb4
Kxh6 60. Kc3 1/2-1/2

[Event "Buenos Aires Bolivar op 4th"]
[Site "Buenos Aires"]
[Date "2011.06.16"]
[Round "4"]
[White "Elman, Cristian"]
[Black "Rodriguez Vila, Andres"]
[Result "0-1"]
[WhiteElo "2154"]
[BlackElo "2527"]
[PlyCount "74"]
[EventDate "2011.06.13"]
[EventType "swiss"]
[EventRounds "9"]
[EventCountry "ARG"]
[SourceTitle "EXT 2014"]
[Source "ChessBase"]
[SourceDate "2013.11.20"]
[SourceVersion "1"]
[SourceVersionDate "2013.11.20"]
[SourceQuality "1"]

1. e4 e6 2. d4 d5 3. Nd2 Nc6 4. Ngf3 Nf6 5. e5 Nd7 6. Be2 f6 7. exf6 Qxf6 8.
Nf1 Bd6 9. Ne3 O-O 10. O-O Qf7 11. c4 Nf6 12. c5 Bf4 13. g3 Bh6 14. Ng2 Bxc1
15. Rxc1 Ne4 16. Nf4 Qf6 17. h4 Bd7 18. Bb5 Qh6 19. Bxc6 Bxc6 20. Ne5 Rxf4 21.
gxf4 Rf8 22. f5 Rxf5 23. f4 Bb5 24. Qg4 Nf6 25. Qg2 Bxf1 26. Rxf1 Rxf4 27. Rxf4
Qxf4 28. Qf2 Qe4 29. b3 h6 30. Kf1 Qh1+ 31. Ke2 Qb1 32. Ke3 Kh7 33. Kf3 Qe4+
34. Kg3 Qxe5+ 35. dxe5 Ne4+ 36. Kf3 Nxf2 37. Kxf2 Kg6 0-1

[Event "Buenos Aires Bolivar op 4th"]
[Site "Buenos Aires"]
[Date "2011.06.17"]
[Round "5"]
[White "Rodriguez Vila, Andres"]
[Black "Tokman, Ariel"]
[Result "1-0"]
[WhiteElo "2527"]
[BlackElo "2207"]
[PlyCount "89"]
[EventDate "2011.06.13"]
[EventType "swiss"]
[EventRounds "9"]
[EventCountry "ARG"]
[SourceTitle "EXT 2014"]
[Source "ChessBase"]
[SourceDate "2013.11.20"]
[SourceVersion "1"]
[SourceVersionDate "2013.11.20"]
[SourceQuality "1"]

1. e4 c5 2. Nf3 e6 3. Qe2 Nc6 4. c3 d5 5. d3 g6 6. Na3 Nge7 7. h4 h6 8. Bf4 Bg7
9. e5 Qa5 10. Bd2 Bd7 11. g3 a6 12. Bh3 Qc7 13. d4 Nf5 14. g4 Nfe7 15. O-O h5
16. Bg5 hxg4 17. Bxg4 cxd4 18. cxd4 Qb6 19. Kg2 O-O-O 20. Rfc1 Kb8 21. b4 Qxb4
22. Qd3 Rc8 23. Rab1 Qa4 24. Rc3 Nf5 25. Bxf5 gxf5 26. Nc2 Na7 27. Rcb3 Bb5 28.
Qd2 Rc7 29. Ne3 Rhc8 30. Rb4 Qa3 31. R1b3 Qc1 32. Qxc1 Rxc1 33. a4 Nc6 34. axb5
Nxb4 35. Rxb4 Bf8 36. Rb2 a5 37. h5 Bb4 38. h6 R1c7 39. Bf6 Rg8+ 40. Ng5 Rcc8
41. f4 Ka7 42. h7 Rgf8 43. Bg7 Kb6 44. Bxf8 Rxf8 45. Nxf7 1-0

[Event "Buenos Aires Bolivar op 4th"]
[Site "Buenos Aires"]
[Date "2011.06.20"]
[Round "6"]
[White "Bassan, Remo"]
[Black "Rodriguez Vila, Andres"]
[Result "1/2-1/2"]
[WhiteElo "2337"]
[BlackElo "2527"]
[PlyCount "99"]
[EventDate "2011.06.13"]
[EventType "swiss"]
[EventRounds "9"]
[EventCountry "ARG"]
[SourceTitle "EXT 2014"]
[Source "ChessBase"]
[SourceDate "2013.11.20"]
[SourceVersion "1"]
[SourceVersionDate "2013.11.20"]
[SourceQuality "1"]

1. e4 e6 2. d4 d5 3. Nc3 Bb4 4. e5 c5 5. a3 Bxc3+ 6. bxc3 Qa5 7. Bd2 Qa4 8. Qg4
Kf8 9. Ra2 Nc6 10. Nf3 Bd7 11. Qf4 Rc8 12. Bd3 h6 13. h4 Nd8 14. O-O Ne7 15. h5
Bb5 16. Rb1 Bxd3 17. cxd3 c4 18. dxc4 Qxc4 19. Rab2 b6 20. g4 Ndc6 21. Kg2 Qd3
22. Ne1 Qe4+ 23. Qxe4 dxe4 24. Nc2 Na5 25. Ne3 Nd5 26. Nxd5 exd5 27. Rb5 Nc4
28. Bc1 Ke7 29. Rxd5 a6 30. Bf4 Rc6 31. Rd1 g5 32. Bg3 Rhc8 33. a4 Ke6 34. Rd6+
Rxd6 35. exd6 Nxd6 36. Bxd6 Kxd6 37. Rb1 Rc6 38. c4 Kc7 39. Rc1 Rf6 40. Re1 Rf4
41. Kg3 Rf3+ 42. Kg2 Rc3 43. Rxe4 Rxc4 44. Re7+ Kc6 45. Rxf7 Rxd4 46. Rf6+ Rd6
47. Rxd6+ Kxd6 48. f4 gxf4 49. g5 Ke6 50. gxh6 1/2-1/2

[Event "Buenos Aires Bolivar op 4th"]
[Site "Buenos Aires"]
[Date "2011.06.21"]
[Round "7"]
[White "Rodriguez Vila, Andres"]
[Black "Pina, Ulises"]
[Result "1/2-1/2"]
[WhiteElo "2527"]
[BlackElo "2313"]
[PlyCount "68"]
[EventDate "2011.06.13"]
[EventType "swiss"]
[EventRounds "9"]
[EventCountry "ARG"]
[SourceTitle "EXT 2014"]
[Source "ChessBase"]
[SourceDate "2013.11.20"]
[SourceVersion "1"]
[SourceVersionDate "2013.11.20"]
[SourceQuality "1"]

1. e4 e5 2. Nf3 Nc6 3. Bc4 g6 4. d4 exd4 5. O-O Bg7 6. Bg5 Nge7 7. c3 dxc3 8.
Nxc3 h6 9. Bf4 O-O 10. Qd2 g5 11. Bg3 Ng6 12. Nb5 d6 13. Nfd4 Nxd4 14. Nxd4 Qf6
15. Nb5 Qe7 16. Rac1 a6 17. Nc3 Be6 18. Nd5 Bxd5 19. exd5 Qf6 20. Bd3 Rac8 21.
Rfd1 Rfe8 22. b3 h5 23. h3 h4 24. Bh2 Ne5 25. Be2 c5 26. dxc6 Rxc6 27. Rxc6
Nxc6 28. Bc4 Nd4 29. Re1 Rxe1+ 30. Qxe1 b5 31. Bd3 d5 32. Qe8+ Bf8 33. Qe3 Ne6
34. Be5 Qe7 1/2-1/2

[Event "Buenos Aires Bolivar op 4th"]
[Site "Buenos Aires"]
[Date "2011.06.22"]
[Round "8"]
[White "Bronstein, Luis Marcos"]
[Black "Rodriguez Vila, Andres"]
[Result "0-1"]
[WhiteElo "2344"]
[BlackElo "2527"]
[PlyCount "69"]
[EventDate "2011.06.13"]
[EventType "swiss"]
[EventRounds "9"]
[EventCountry "ARG"]
[SourceTitle "EXT 2014"]
[Source "ChessBase"]
[SourceDate "2013.11.20"]
[SourceVersion "1"]
[SourceVersionDate "2013.11.20"]
[SourceQuality "1"]

1. Nf3 d6 2. e4 c5 3. d4 cxd4 4. Nxd4 Nf6 5. Nc3 g6 6. Be2 Bg7 7. O-O Nc6 8.
Nb3 O-O 9. Kh1 a5 10. a4 Be6 11. f4 Bxb3 12. cxb3 e6 13. Bf3 Qe7 14. Be3 Rfd8
15. Bb6 Rd7 16. Re1 Qf8 17. Qe2 e5 18. fxe5 dxe5 19. Nd5 Nxd5 20. exd5 Nd4 21.
Bxd4 exd4 22. Qb5 Qd6 23. Rad1 h5 24. g3 Bf6 25. Kg2 Kg7 26. Qd3 Rh8 27. Qb5
Ra8 28. Qd3 Rc7 29. Rc1 Rxc1 30. Rxc1 Re8 31. Qb5 Re3 32. Qxb7 h4 33. Rc7 h3+
34. Kxh3 Rxf3 35. Rxf7+ 0-1

[Event "Buenos Aires Bolivar op 4th"]
[Site "Buenos Aires"]
[Date "2011.06.23"]
[Round "9"]
[White "Rodriguez Vila, Andres"]
[Black "Real de Azua, Ernesto"]
[Result "0-1"]
[WhiteElo "2527"]
[BlackElo "2416"]
[PlyCount "68"]
[EventDate "2011.06.13"]
[EventType "swiss"]
[EventRounds "9"]
[EventCountry "ARG"]
[SourceTitle "EXT 2014"]
[Source "ChessBase"]
[SourceDate "2013.11.20"]
[SourceVersion "1"]
[SourceVersionDate "2013.11.20"]
[SourceQuality "1"]

1. f4 c5 2. Nf3 g6 3. g3 Bg7 4. Bg2 Nc6 5. O-O e6 6. d3 Nge7 7. e4 d6 8. c3 O-O
9. Be3 b6 10. d4 Ba6 11. Re1 Rc8 12. Nbd2 Qd7 13. a3 Na5 14. Bf2 Rc7 15. e5
cxd4 16. exd6 Qxd6 17. Ne4 Qd8 18. cxd4 Nf5 19. g4 Nxd4 20. Bxd4 Bxd4+ 21. Nxd4
Bb7 22. Qd3 Bxe4 23. Rxe4 Nc4 24. Re2 Qd6 25. f5 exf5 26. gxf5 Rd8 27. Kh1 b5
28. Rf1 Re7 29. b3 Ne5 30. Qxb5 Ng4 31. Bf3 Ne3 32. Qc5 Nxf5 33. Rxe7 Qxe7 34.
Qxe7 Nxe7 0-1

[Event "Porto Alegre op"]
[Site "Porto Alegre"]
[Date "2011.09.07"]
[Round "2"]
[White "Patroclo, Arthur Ruiz"]
[Black "Rodriguez Vila, Andres"]
[Result "0-1"]
[WhiteElo "2124"]
[BlackElo "2505"]
[PlyCount "56"]
[EventDate "2011.09.07"]
[EventType "swiss"]
[EventRounds "7"]
[EventCountry "BRA"]
[SourceTitle "CBM 144 Extra"]
[Source "ChessBase"]
[SourceDate "2011.10.28"]
[SourceVersion "1"]
[SourceVersionDate "2011.10.28"]
[SourceQuality "1"]

1. c4 d6 2. g3 g6 3. Bg2 Bg7 4. Nc3 e5 5. d3 f5 6. Nf3 Nf6 7. O-O O-O 8. Rb1 h6
9. b4 g5 10. c5 f4 11. Qb3+ Rf7 12. h4 g4 13. Ng5 hxg5 14. hxg5 Kf8 15. gxf6
Qxf6 16. Bd5 Re7 17. Ne4 Qh6 18. cxd6 cxd6 19. gxf4 exf4 20. Qc4 Nc6 21. Bxc6
Be5 22. Ng5 Qxg5 23. Bg2 Be6 24. Qb5 g3 25. d4 Qh5 26. Rd1 Qh2+ 27. Kf1 Bh3 28.
Ke1 Qxg2 0-1

[Event "Porto Alegre op"]
[Site "Porto Alegre"]
[Date "2011.09.08"]
[Round "3"]
[White "Rodriguez Vila, Andres"]
[Black "Da Silva Borges, Rodrigo"]
[Result "0-1"]
[WhiteElo "2505"]
[BlackElo "2204"]
[PlyCount "86"]
[EventDate "2011.09.07"]
[EventType "swiss"]
[EventRounds "7"]
[EventCountry "BRA"]
[SourceTitle "CBM 144 Extra"]
[Source "ChessBase"]
[SourceDate "2011.10.28"]
[SourceVersion "1"]
[SourceVersionDate "2011.10.28"]
[SourceQuality "1"]

1. e4 c5 2. Nf3 d6 3. d4 cxd4 4. Nxd4 Nf6 5. Nc3 a6 6. h3 e6 7. g4 Be7 8. Bg2
O-O 9. O-O Nc6 10. Be3 Nd7 11. Qd2 Nxd4 12. Bxd4 Qc7 13. f4 b5 14. a4 b4 15.
Ne2 a5 16. b3 Ba6 17. Rac1 Rac8 18. c4 Nc5 19. Qe3 Rfe8 20. Bb2 Bf8 21. Ng3 d5
22. Be5 d4 23. Bxd4 Red8 24. Rcd1 Nxb3 25. Qxb3 Bxc4 26. Qe3 Rxd4 27. Rxd4 Bxf1
28. Kxf1 Bc5 29. Ne2 Bxd4 30. Qxd4 b3 31. e5 Qc4 32. Qb6 Qb4 33. Qxb4 axb4 34.
Be4 b2 35. Ke1 Rc1+ 36. Kd2 b1=Q 37. Bxb1 Rxb1 38. Kc2 Re1 39. Nc1 Re3 40. Nd3
Rxh3 41. a5 b3+ 42. Kd2 Rh2+ 43. Kc3 Ra2 0-1

[Event "Porto Alegre op"]
[Site "Porto Alegre"]
[Date "2011.09.09"]
[Round "4"]
[White "Molina, Roberto Junio Brito"]
[Black "Rodriguez Vila, Andres"]
[Result "1-0"]
[WhiteElo "2419"]
[BlackElo "2505"]
[PlyCount "101"]
[EventDate "2011.09.07"]
[EventType "swiss"]
[EventRounds "7"]
[EventCountry "BRA"]
[SourceTitle "CBM 144 Extra"]
[Source "ChessBase"]
[SourceDate "2011.10.28"]
[SourceVersion "1"]
[SourceVersionDate "2011.10.28"]
[SourceQuality "1"]

1. d4 e6 2. c4 Nf6 3. Nf3 c5 4. d5 exd5 5. cxd5 Bd6 6. Nc3 O-O 7. g3 Re8 8. Bg2
a6 9. a4 Bc7 10. O-O d6 11. Nd2 Nbd7 12. Nc4 Ne5 13. Nxe5 Rxe5 14. f4 Re8 15.
e4 Rb8 16. Qc2 b5 17. Bd2 Bd7 18. h3 c4 19. axb5 axb5 20. Na2 Ra8 21. Nb4 Ba5
22. Bc3 h5 23. Kh2 h4 24. g4 Nh7 25. g5 Qb6 26. Qd2 Nf8 27. f5 Qc5 28. Rae1 Bd8
29. Nc2 Re5 30. Nd4 Ra4 31. Nf3 b4 32. Bd4 c3 33. Qf2 Qc7 34. f6 Bb5 35. fxg7
Ng6 36. Bxe5 Bxf1 37. Rxf1 dxe5 38. bxc3 bxc3 39. Nxh4 Nf4 40. Nf5 Bxg5 41. d6
Qd8 42. h4 Rb4 43. hxg5 Qxg5 44. Ra1 Qh5+ 45. Kg1 Rb8 46. Qa7 Rd8 47. Qc7 Qg5
48. Ra2 c2 49. Rxc2 Kh7 50. Qxf7 Rg8 51. Qxg8+ 1-0

[Event "Porto Alegre op"]
[Site "Porto Alegre"]
[Date "2011.09.10"]
[Round "6"]
[White "Fonseca, Luis Ernesto Serra"]
[Black "Rodriguez Vila, Andres"]
[Result "0-1"]
[WhiteElo "2083"]
[BlackElo "2505"]
[PlyCount "123"]
[EventDate "2011.09.07"]
[EventType "swiss"]
[EventRounds "7"]
[EventCountry "BRA"]
[SourceTitle "CBM 144 Extra"]
[Source "ChessBase"]
[SourceDate "2011.10.28"]
[SourceVersion "1"]
[SourceVersionDate "2011.10.28"]
[SourceQuality "1"]

1. e4 e6 2. d4 d5 3. exd5 exd5 4. Nf3 Nc6 5. Bb5 Bd6 6. Nc3 Nge7 7. Bg5 f6 8.
Bh4 Bg4 9. Bxc6+ bxc6 10. h3 Bh5 11. Bg3 Rb8 12. Bxd6 cxd6 13. Rb1 Rb4 14. g4
Bg6 15. a3 Rb7 16. Nh4 O-O 17. Nxg6 Nxg6 18. h4 f5 19. g5 f4 20. Qf3 Re7+ 21.
Kd2 Qb6 22. Rhd1 Qxd4+ 23. Kc1 Qb6 24. b3 Ne5 25. Qe2 d4 26. Na4 d3 27. Qxe5
Rxe5 28. Nxb6 axb6 29. Rxd3 d5 30. Rf3 Re4 31. Kd2 Kf7 32. Re1 Ke6 33. Rh3 Kf5
34. f3 Rxe1 35. Kxe1 Re8+ 36. Kf2 Re3 37. Rh1 Rc3 38. Rc1 c5 39. b4 Rxa3 40.
bxc5 bxc5 41. c3 Ra2+ 42. Kg1 Rd2 43. Re1 Rd3 44. Re7 Rxc3 45. Rxg7 Rxf3 46.
Rxh7 d4 47. Rf7+ Ke5 48. Kh2 Rg3 49. Re7+ Kd5 50. Rf7 Ke4 51. Re7+ Kf3 52. Rd7
Rg2+ 53. Kh3 Rg3+ 54. Kh2 Ke4 55. Re7+ Kf5 56. Rf7+ Kg4 57. Rd7 Rd3 58. g6 Rd2+
59. Kg1 Kg3 60. Kf1 c4 61. Ke1 c3 62. Rd8 0-1

[Event "Porto Alegre op"]
[Site "Porto Alegre"]
[Date "2011.09.11"]
[Round "7"]
[White "Menna Barreto, Felipe Kubiaki"]
[Black "Rodriguez Vila, Andres"]
[Result "1-0"]
[WhiteElo "2198"]
[BlackElo "2505"]
[PlyCount "69"]
[EventDate "2011.09.07"]
[EventType "swiss"]
[EventRounds "7"]
[EventCountry "BRA"]
[SourceTitle "CBM 144 Extra"]
[Source "ChessBase"]
[SourceDate "2011.10.28"]
[SourceVersion "1"]
[SourceVersionDate "2011.10.28"]
[SourceQuality "1"]

1. e4 e6 2. d4 d5 3. e5 c5 4. dxc5 Nc6 5. Nf3 Bxc5 6. Bd3 Nge7 7. Nbd2 Ng6 8.
Bxg6 hxg6 9. Nb3 Be7 10. O-O Qc7 11. Re1 Bd7 12. Qe2 Rc8 13. Bd2 Nb4 14. Bxb4
Bxb4 15. c3 Be7 16. Qe3 a5 17. a4 Qd8 18. Nbd4 g5 19. h3 g6 20. Nh2 Kf8 21. Ng4
Kg7 22. Rf1 Be8 23. f4 gxf4 24. Qxf4 Rc4 25. Rf3 Bg5 26. Qg3 Bh4 27. Qh2 Qb6
28. Qf4 Rc7 29. Raf1 Rh5 30. Nf6 Bxf6 31. Qxf6+ Kf8 32. Kh1 Re7 33. Qxg6 Rh8
34. Rg3 f5 35. Qf6+ 1-0

[Event "Cuiaba op"]
[Site "Cuiaba"]
[Date "2011.10.21"]
[Round "1"]
[White "Da Silva, Andressa Muniz"]
[Black "Rodriguez Vila, Andres"]
[Result "0-1"]
[WhiteElo "1896"]
[BlackElo "2505"]
[PlyCount "70"]
[EventDate "2011.10.21"]
[EventType "swiss"]
[EventRounds "6"]
[EventCountry "BRA"]
[SourceTitle "EXT 2013"]
[Source "ChessBase"]
[SourceDate "2012.11.22"]
[SourceVersion "1"]
[SourceVersionDate "2012.11.22"]
[SourceQuality "1"]

1. e4 c5 2. Nc3 e6 3. Nf3 a6 4. Bc4 b5 5. Be2 Bb7 6. d4 b4 7. Nb1 Bxe4 8. dxc5
Bxc5 9. O-O Nf6 10. Nbd2 Bb7 11. Nb3 Bb6 12. Bf4 d5 13. h3 O-O 14. Qd2 Nc6 15.
Nbd4 Nxd4 16. Nxd4 Qe7 17. Nf3 Ne4 18. Qd3 a5 19. Qb5 Bc5 20. Qd3 a4 21. c3
bxc3 22. bxc3 Rfc8 23. Qc2 Nxc3 24. Bd3 Ne4 25. Qb2 a3 26. Qb3 Bc6 27. Bxe4
dxe4 28. Ne5 Bd5 29. Qg3 f6 30. Ng4 e5 31. Be3 Be6 32. Rfe1 Bb4 33. Re2 Bc3 34.
Rd1 Bb2 35. Rdd2 Rab8 0-1

[Event "Cuiaba op"]
[Site "Cuiaba"]
[Date "2011.10.21"]
[Round "2"]
[White "Rodriguez Vila, Andres"]
[Black "Martins, Saulo Marcio L"]
[Result "1-0"]
[WhiteElo "2505"]
[BlackElo "2060"]
[PlyCount "35"]
[EventDate "2011.10.21"]
[EventType "swiss"]
[EventRounds "6"]
[EventCountry "BRA"]
[SourceTitle "EXT 2013"]
[Source "ChessBase"]
[SourceDate "2012.11.22"]
[SourceVersion "1"]
[SourceVersionDate "2012.11.22"]
[SourceQuality "1"]

1. e4 e5 2. Nf3 Nc6 3. Bc4 h6 4. O-O Bc5 5. c3 d6 6. d4 exd4 7. cxd4 Bb6 8. Be3
Nge7 9. Nc3 a6 10. a3 Ba7 11. b4 Ng6 12. Qd3 Nce7 13. Rfe1 Be6 14. d5 Bxe3 15.
dxe6 Bf4 16. exf7+ Kf8 17. Nd4 Ne5 18. Ne6+ 1-0

[Event "Cuiaba op"]
[Site "Cuiaba"]
[Date "2011.10.22"]
[Round "4"]
[White "Rodriguez Vila, Andres"]
[Black "Brito, Luismar Jorge"]
[Result "1-0"]
[WhiteElo "2505"]
[BlackElo "2278"]
[PlyCount "45"]
[EventDate "2011.10.21"]
[EventType "swiss"]
[EventRounds "6"]
[EventCountry "BRA"]
[SourceTitle "EXT 2013"]
[Source "ChessBase"]
[SourceDate "2012.11.22"]
[SourceVersion "1"]
[SourceVersionDate "2012.11.22"]
[SourceQuality "1"]

1. e4 c5 2. Nf3 d6 3. c3 Nf6 4. h3 g6 5. Bd3 Bg7 6. Bc2 Qc7 7. d4 e5 8. O-O O-O
9. Na3 a6 10. dxe5 dxe5 11. Nc4 Nc6 12. a4 Be6 13. Qe2 Nd7 14. Ng5 Bxc4 15.
Qxc4 b5 16. Qe2 c4 17. Be3 Na5 18. Rfd1 Nb6 19. axb5 axb5 20. Qg4 h6 21. Ne6
Qc6 22. Nxf8 Bxf8 23. Qh4 1-0